Szczegóły MARC21

Logika /

003 -Nazwa inst., której nr kontr. jest w polu 001 [,]
    • @
    • Nazwa instytucji, której n kontrolny jest w polu 001
    • NUKAT
005 -DATA I CZAS OSTATNIEJ MODYFIKACJI [,]
    • @
    • pole kontrolne
    • 20241231113341.0
040 -Instytucja sporządzająca opis [ , ]
    • a
    • Instytucja, która sporządziła opis (NP)
    • KR PAU/JK
    • c
    • Instytucja, która sporządziła rekord (NP)
    • KR PAU/JK
    • d
    • Instytucja, która zmodyfikowała rekord (P)
    • KR PAU/KWs
    • d
    • Instytucja, która zmodyfikowała rekord (P)
    • KR PAU/MS
    • d
    • Instytucja, która zmodyfikowała rekord (P)
    • ROMA PAN/OK
041 -Język dokumentu [1, ]
    • a
    • Język tekstu (P)
    • polski
    • h
    • Język tekstu oryginalnego i/lub pośredniego (P)
    • łaciński
942 -Rodzaj dokumentu [ , ]
    • c
    • Rodzaj dokumentu
    • Książka
100 -Hasło główne - nazwa osobowa [1, ]
    • a
    • Nazwa osobowa (NP)
    • Gassendi, Pierre
    • d
    • Daty biograficzne (NP)
    • (1592-1655).
    • 9
    • KHW
    • 235692
240 -Tytuł ujednolicony [1,0]
    • a
    • Tytuł ujednolicony
    • Syntagma philosophicum.
    • n
    • Oznaczenie części
    • 1,
    • p
    • Nazwa części
    • Logica
    • l
    • Język tekstu
    • (pol.)
    • 9
    • KHW
    • 554605
245 -Strefa tytułu i oznaczenia odpowiedzialności [1,0]
    • a
    • Tytuł
    • Logika / Find
    • c
    • Pozostałe elementy strefy tytułu i oznaczenia odpowiedzialności (NP)
    • Pierre Gassendi ; w przekł. Ludwika Chmaja ; z dodaniem Wstępu do Zarysu filozofii pt. O filozofii ogólnie w przekł. Leona Joachimowicza ; wstępem opatrzył Leszek Kołakowski.
246 -Wariant tytułu [1, ]
    • i
    • Tekst wyświetlany na ekranie monitora (NP)
    • Tyt. oryg.:
    • a
    • Tytuł (NP)
    • Syntagmatis philosphici liber proemialis
260 -Strefa adresu wydawniczego [ , ]
    • a
    • Miejsce wydania (P)
    • [Warszawa] :
    • b
    • Nazwa wydawcy (P)
    • Państwowe Wydawnictwo Naukowe,
    • c
    • Data wydania (P)
    • 1964.
300 -Strefa opisu fizycznego [ , ]
    • a
    • Określenie formy książki i/lub objętość (NP)
    • LX, 510, [3] s., [1] k. tabl. :
    • b
    • Oznaczenie ilustracji (NP)
    • il., err. ;
    • c
    • Format (NP)
    • 20 cm.
336 -Typ zawartości [ , ]
    • a
    • Termin opisujący typ zawartości
    • Tekst
    • b
    • Kod określający zawartość
    • txt
    • 2
    • Źródło (terminu i kodu)
    • rdacontent
337 -Typ mediów [ , ]
    • a
    • Tryb odtwarzania
    • Bez urządzenia pośredniczącego
    • b
    • Kod typu mediów
    • n
    • 2
    • Źródło (terminu i kodu)
    • rdamedia
338 -Typ/rodzaj nośnika [ , ]
    • a
    • Hasło opisujące typ nośnika
    • Wolumin
    • b
    • Kod typu nośnika
    • nc
    • 2
    • Źródło (terminu i kodu)
    • rdacarrier
490 -Strefa serii i książki wielotomowej - forma nie do wyszukiwania [1, ]
    • a
    • Tytuł (P)
    • Biblioteka Klasyków Filozofii Find
830 -Hasło dodatkowe serii i opisu książki wielotomowej - tytuł ujednolicony/tytuł [ ,0]
    • a
    • Tytuł ujednolicony/tytuł (NP)
    • Biblioteka Klasyków Filozofii
    • 9
    • KHW
    • 10303
500 -Uwaga ogólna [ , ]
    • a
    • Uwaga ogólna (NP)
    • Na s. red. nota: Tyt. oryg.: Syntagmatis philosphici liber proemialis: de philospphia universe pars prima: logica.
504 -Uwaga dot. bibliogr. załącznikowej [ , ]
    • a
    • Uwaga dot. bibliografii załącznikowej
    • Bibliogr. s. [LIX]-LX. Indeks.
536 -Uwaga dot. finansowania książki [ , ]
    • a
    • Tekst uwagi
    • Ks. wyd. z zasiłku Min. Szkolnictwa Wyższego.
080 -Uniwersalna Klasyfikacja Dziesiętna [ , ]
    • 2
    • Identyfikator wydania tablic
    • UDC-P058
    • a
    • Symbol klasyfikacji
    • 101
    • b
    • Dopowiedzenie
    • Istota i zadania filozofii. Zakres i granice filozofii. Filozofia jako nauka i sztuka. Metody filozofowania.
080 -Uniwersalna Klasyfikacja Dziesiętna [ , ]
    • 2
    • Identyfikator wydania tablic
    • UDC-P058
    • a
    • Symbol klasyfikacji
    • 161/164
    • b
    • Dopowiedzenie
    • Logika.
600 -Hasło przedmiotowe w formie nazwy osobowej [1,7]
    • a
    • Nazwa osobowa
    • Gassendi, Pierre
    • d
    • Daty związane z nazwą
    • (1592-1655).
    • 2
    • Źródło terminu
    • kaba
    • 9
    • KHW
    • 235692
650 -Hasło przedmiotowe [ ,7]
    • a
    • Hasło przedmiotowe
    • Filozofia starożytna.
    • 2
    • Źródło terminu
    • kaba
    • 9
    • KHW
    • 108769
650 -Hasło przedmiotowe [ ,7]
    • a
    • Hasło przedmiotowe
    • Logika.
    • 2
    • Źródło terminu
    • kaba
    • 9
    • KHW
    • 117638
980 -Symbol UKD [ , ]
    • a
    • UKD
    • 101:161/164
700 -Hasło dodatkowe - nazwa osobowa [1, ]
    • a
    • Nazwa osobowa (NP)
    • Chmaj, Ludwik Find
    • d
    • Daty biograficzne (NP)
    • (1888-1959).
    • e
    • Określenie rodzaju współpracy
    • Tł.
    • 9
    • KHW
    • 17849
700 -Hasło dodatkowe - nazwa osobowa [1, ]
    • a
    • Nazwa osobowa (NP)
    • Joachimowicz, Leon Find
    • d
    • Daty biograficzne (NP)
    • (1915-1977).
    • e
    • Określenie rodzaju współpracy
    • Tł.
    • 9
    • KHW
    • 20466
700 -Hasło dodatkowe - nazwa osobowa [1, ]
    • a
    • Nazwa osobowa (NP)
    • Kołakowski, Leszek Find
    • d
    • Daty biograficzne (NP)
    • (1927-2009).
    • e
    • Określenie rodzaju współpracy
    • Wstęp
    • 9
    • KHW
    • 11477
700 -Hasło dodatkowe - nazwa osobowa [1,2]
    • a
    • Nazwa osobowa (NP)
    • Gassendi, Pierre Find
    • d
    • Daty biograficzne (NP)
    • (1592-1655).
    • t
    • Tytuł ujednolicony/tytuł (NP)
    • Syntagma philosophicum. Find
    • n
    • Oznaczenie części (P)
    • Liber proemialis,
    • p
    • Nazwa części (P)
    • De philosophia universe
    • l
    • Język tekstu (NP)
    • (pol.)
    • 9
    • KHW
    • 554604
Data inwentaryzacji Lokalizacja Sygnatura Numer inwentarzowy Status udost. Uwagi nie widoczne w OPAC
 BE E.153861 
BG W.18475-3przepisany
BG W.18476-3przepisany
 BGZ.8942Z.89421przepisany
 BNS16/G-24ANS.757171 
 BNS16/G-24ANS.757181 
 BNS F.359-3 
2007-09-03BNS H.16300-3 
 BNS F.21360-3